[Event "46th Rilton Cup 2016-17"]
[Site "Stockholm SWE"]
[Date "2017.01.03"]
[Round "7.16"]
[White "Zumsande, Martin"]
[Black "Von Bahr, Oskar"]
[Result "1/2-1/2"]
[WhiteTitle "IM"]
[BlackTitle "FM"]
[WhiteElo "2485"]
[BlackElo "2357"]
[WhiteFideId "4651324"]
[BlackFideId "1703250"]
[EventDate "2016.12.27"]

1. e4 e5 2. Nf3 Nc6 3. Bc4 Bc5 4. c3 Nf6 5. d3 a6 6. Bb3 Ba7 7. O-O d6 8. h3 Ne7
9. Re1 Ng6 10. d4 O-O 11. Nbd2 Re8 12. Bc2 b5 13. Nf1 Bb7 14. Ng3 h6 15. a4 Bb6
16. Bd2 Rb8 17. Qc1 d5 18. Bxh6 gxh6 19. Nf5 Nxe4 20. Nxh6+ Kf8 21. Ng4 exd4 22.
cxd4 Bc8 23. Qh6+ Kg8 24. Bxe4 Rxe4 25. Ng5 Qe7 26. Nxe4 Bxg4 27. Ng5 Qf6 28.
Qh7+ Kf8 29. Qh6+ Kg8 30. Qh7+ Kf8 31. Qh6+ 1/2-1/2

[Event "46th Rilton Cup 2016-17"]
[Site "Stockholm SWE"]
[Date "2017.01.03"]
[Round "7.17"]
[White "Grunberg, Mihai-Lucian"]
[Black "Westerberg, Jonathan"]
[Result "1-0"]
[WhiteTitle "IM"]
[BlackTitle "IM"]
[WhiteElo "2389"]
[BlackElo "2483"]
[WhiteFideId "1204149"]
[BlackFideId "1701754"]
[EventDate "2016.12.27"]

1. Nf3 d5 2. g3 Nf6 3. Bg2 e6 4. d4 b5 5. b3 Be7 6. c4 c6 7. O-O Nbd7 8. Qc2 Bb7
9. Nbd2 O-O 10. e4 bxc4 11. e5 Ne8 12. bxc4 c5 13. Bb2 Rc8 14. Rfd1 Qc7 15. dxc5
Qxc5 16. Rac1 Nb6 17. Bd4 Qa5 18. c5 Ba6 19. Bf1 Bxf1 20. Rxf1 Nd7 21. Nb3 Qa4
22. Qd2 Nb8 23. Na5 Nc6 24. Nxc6 Rxc6 25. Qc2 Qa6 26. Ne1 Nc7 27. Nd3 Nb5 28.
Bb2 Qc8 29. a4 Nc7 30. Nb4 Rxc5 31. Nc6 1-0

[Event "46th Rilton Cup 2016-17"]
[Site "Stockholm SWE"]
[Date "2017.01.03"]
[Round "7.18"]
[White "Cramling, Pia"]
[Black "Larson, Matthew W"]
[Result "1/2-1/2"]
[WhiteTitle "GM"]
[BlackTitle "FM"]
[WhiteElo "2453"]
[BlackElo "2330"]
[WhiteFideId "1700030"]
[BlackFideId "2077990"]
[EventDate "2016.12.27"]

1. d4 d5 2. c4 c6 3. Nf3 Nf6 4. Nc3 e6 5. Bg5 h6 6. Bxf6 Qxf6 7. e3 Nd7 8. Be2
dxc4 9. Bxc4 g6 10. O-O Bg7 11. a4 a5 12. Qc2 O-O 13. Rfd1 b6 14. Rac1 Bb7 15.
Be2 Rac8 16. Qb3 Qe7 17. Nd2 Ba8 18. Bf3 Rb8 19. Ne2 Rfc8 20. Nf4 Kh8 21. Nc4 e5
22. dxe5 Nxe5 23. Be4 Nxc4 24. Rxc4 Qf6 25. Rc2 Re8 26. Bf3 b5 27. Rcd2 bxa4 28.
Qxa4 c5 29. Bxa8 Rxa8 30. Nd5 Qd6 31. g3 Red8 32. b3 Rdc8 33. Nf4 Qf6 34. Rd7
Rd8 35. Qc4 Rxd7 36. Rxd7 g5 37. Nh5 Qg6 38. g4 Kg8 39. Rc7 Rb8 40. Rxc5 Rb4 41.
Qe2 Rxb3 42. Rxa5 Qe4 43. Ng3 Rb1+ 44. Nf1 Bc3 45. Rc5 Rxf1+ 46. Qxf1 Qxg4+ 47.
Qg2 Qd1+ 1/2-1/2

[Event "46th Rilton Cup 2016-17"]
[Site "Stockholm SWE"]
[Date "2017.01.03"]
[Round "7.19"]
[White "Wallace, John Paul"]
[Black "Bellia, Fabrizio"]
[Result "1-0"]
[WhiteTitle "IM"]
[BlackTitle "IM"]
[WhiteElo "2387"]
[BlackElo "2433"]
[WhiteFideId "3200957"]
[BlackFideId "800511"]
[EventDate "2016.12.27"]

1. d4 Nf6 2. c4 e6 3. Nf3 b6 4. g3 Ba6 5. Nbd2 Bb4 6. Qc2 Bb7 7. Bg2 O-O 8. O-O
d5 9. cxd5 exd5 10. Ne5 Re8 11. Ndf3 Bd6 12. Bf4 Ne4 13. Rac1 c5 14. dxc5 bxc5
15. Rfd1 g5 16. Be3 d4 17. Nxf7 Kxf7 18. Qb3+ Kf8 19. Qxb7 dxe3 20. Qxa8 exf2+
21. Kf1 Qe7 22. Rc2 Na6 23. Qd5 Nb4 24. Qf5+ Kg7 25. Rcd2 Nxd2+ 26. Rxd2 h6 27.
h4 Qe6 28. Qxe6 Rxe6 29. Bh3 Rf6 30. hxg5 hxg5 31. Nxg5 Be5 32. Ne6+ Kf7 33.
Nxc5 Rh6 34. Be6+ Ke8 35. Kxf2 Rf6+ 36. Kg2 Na6 37. Nxa6 Rxe6 38. Nc5 Rg6 39.
Ne4 1-0

[Event "46th Rilton Cup 2016-17"]
[Site "Stockholm SWE"]
[Date "2017.01.03"]
[Round "7.20"]
[White "Hauge, Lars Oskar"]
[Black "Nielsen, Hogni Egilstoft"]
[Result "1-0"]
[WhiteTitle "IM"]
[BlackTitle "FM"]
[WhiteElo "2431"]
[BlackElo "2262"]
[WhiteFideId "1509276"]
[BlackFideId "7200404"]
[EventDate "2016.12.27"]

1. e4 e5 2. Nf3 Nc6 3. Bc4 Nf6 4. d3 Bc5 5. c3 d6 6. O-O a6 7. Bb3 Ba7 8. Re1
O-O 9. h3 Ne7 10. Nbd2 Ng6 11. Nf1 h6 12. Ng3 Re8 13. d4 b5 14. Bc2 Bb7 15. a4
Bb6 16. Bd3 Qd7 17. Qb3 c6 18. Be3 Qc7 19. Qc2 Rac8 20. Nf5 c5 21. dxe5 dxe5 22.
c4 b4 23. Qc1 Nxe4 24. Nxg7 Red8 25. Bxe4 Bxe4 26. Bxh6 Bxf3 27. gxf3 Qd7 28.
Qg5 Qxh3 29. Nh5 Qh4 30. Nf6+ Kh8 31. Rxe5 Qxg5+ 32. Rxg5 Rd4 33. Rh5 Rh4 34.
Rxh4 Nxh4 35. Be3 Rc6 36. Nd5 Bd8 37. Kf1 Nxf3 38. Ke2 Ne5 39. b3 Kg7 40. Rd1
Kf8 41. Nxb4 cxb4 42. Rxd8+ Kg7 43. Rb8 Re6 44. Rxb4 Nc6 45. Rb6 1-0

[Event "46th Rilton Cup 2016-17"]
[Site "Stockholm SWE"]
[Date "2017.01.03"]
[Round "7.21"]
[White "Balcerak, Philipp"]
[Black "Sagit, Rauan"]
[Result "0-1"]
[BlackTitle "IM"]
[WhiteElo "2372"]
[BlackElo "2417"]
[WhiteFideId "4655036"]
[BlackFideId "1708376"]
[EventDate "2016.12.27"]

1. e4 c5 2. Nf3 d6 3. d4 cxd4 4. Nxd4 Nf6 5. Nc3 a6 6. Be3 e5 7. Nb3 Be6 8. f4
exf4 9. Bxf4 Nc6 10. Qe2 Ne5 11. h3 Be7 12. O-O-O Qc7 13. g4 O-O 14. Kb1 Rfe8
15. g5 Nfd7 16. Qh2 b5 17. h4 Nb6 18. h5 Bf8 19. Nd5 Nxd5 20. exd5 Bg4 21. Rc1
Rac8 22. g6 fxg6 23. hxg6 h6 24. Rg1 Qd7 25. Nd4 Rc5 26. Qf2 Rxd5 27. Bg2 Rc5
28. b4 Rcc8 29. Bd5+ Kh8 30. Qg3 Bh5 31. Qh2 Bxg6 32. Rcf1 Bh7 33. Qh5 Qc7 34.
Rg2 Qc3 35. Bxe5 Rxe5 36. Qf7 Re1+ 37. Rxe1 Qxe1+ 38. Kb2 Qc3+ 39. Kb1 Qxd4 0-1

[Event "46th Rilton Cup 2016-17"]
[Site "Stockholm SWE"]
[Date "2017.01.03"]
[Round "7.22"]
[White "Gulamali, Kazim"]
[Black "Krishna, C R G"]
[Result "0-1"]
[WhiteTitle "FM"]
[BlackTitle "IM"]
[WhiteElo "2341"]
[BlackElo "2390"]
[WhiteFideId "2024764"]
[BlackFideId "5018625"]
[EventDate "2016.12.27"]

1. Nf3 d5 2. c4 c6 3. g3 Nf6 4. Bg2 g6 5. b3 Bg7 6. Bb2 a5 7. O-O O-O 8. Qc2 Na6
9. a3 Bf5 10. d3 Qb6 11. Nbd2 Rfd8 12. Rac1 Rac8 13. Bd4 c5 14. Bxf6 Qxf6 15.
cxd5 b5 16. e4 Bg4 17. h3 Bxf3 18. Nxf3 Qb2 19. a4 Qxc2 20. Rxc2 Nb4 21. Rd2
bxa4 22. bxa4 c4 23. dxc4 Rxc4 24. Re1 Bc3 25. Rc1 Rdc8 26. Re2 Nd3 27. Rd1 Nb2
28. Rb1 Nxa4 29. e5 Bb4 30. Ra1 Nb6 31. e6 f6 32. Kh2 a4 33. Ne1 a3 34. Nd3 Bd6
35. Rea2 Rc3 36. Nf4 Rb3 37. Ne2 Rc4 38. Bf1 Rb2 0-1

[Event "46th Rilton Cup 2016-17"]
[Site "Stockholm SWE"]
[Date "2017.01.03"]
[Round "7.23"]
[White "Ornstein, Axel"]
[Black "Sevian, Samuel"]
[Result "1/2-1/2"]
[WhiteTitle "IM"]
[BlackTitle "GM"]
[WhiteElo "2338"]
[BlackElo "2603"]
[WhiteFideId "1700111"]
[BlackFideId "2040506"]
[EventDate "2016.12.27"]

1. d4 Nf6 2. Nf3 e6 3. Bg5 d5 4. e3 Be7 5. Bd3 h6 6. Bh4 O-O 7. O-O b6 8. Ne5
Bb7 9. Nd2 c5 10. c3 Nbd7 11. f4 a6 12. Qe2 b5 13. f5 exf5 14. Rxf5 g6 15. Bxf6
Nxf6 16. Rf4 Bd6 17. Raf1 Bxe5 18. dxe5 Nh5 19. R4f2 Qe7 20. e4 d4 21. cxd4 cxd4
22. a4 Qxe5 23. axb5 axb5 24. Bxb5 Bc8 25. Nf3 Qc5 26. Qc4 Qxc4 27. Bxc4 Ba6 28.
Bxa6 Rxa6 29. Nxd4 Ng7 30. e5 Rd8 31. Nb5 1/2-1/2

[Event "46th Rilton Cup 2016-17"]
[Site "Stockholm SWE"]
[Date "2017.01.03"]
[Round "7.24"]
[White "Bracker, Frank"]
[Black "Haug, Johannes"]
[Result "0-1"]
[WhiteTitle "IM"]
[BlackTitle "FM"]
[WhiteElo "2435"]
[BlackElo "2287"]
[WhiteFideId "24614343"]
[BlackFideId "1509268"]
[EventDate "2016.12.27"]

1. e4 c6 2. d4 d5 3. Nc3 dxe4 4. Nxe4 Bf5 5. Ng3 Bg6 6. Bc4 e6 7. N1e2 Bd6 8.
Nf4 Nf6 9. O-O Qc7 10. Qf3 O-O 11. c3 Nbd7 12. Nxg6 hxg6 13. Bb3 c5 14. dxc5
Nxc5 15. Bc2 Nd5 16. Rd1 Rad8 17. h4 Be5 18. Ne4 Nxe4 19. Bxe4 Nf6 20. Bd3 Nd5
21. Be4 Nf6 22. Bg5 Rxd1+ 23. Rxd1 Nxe4 24. Qxe4 b6 25. Qa4 f6 26. Rd7 Qb8 27.
Be3 Rd8 28. g3 Bc7 29. Rxd8+ Qxd8 30. Qxa7 f5 31. Qa4 e5 32. Bg5 Qd3 33. Qc6 Bd6
34. Qxb6 f4 35. Qb3+ Kh7 36. c4 Qb1+ 37. Kg2 Qe4+ 38. Qf3 Qxc4 39. gxf4 Qxa2 40.
Qe4 exf4 41. h5 Qf7 42. Kf3 Qb3+ 43. Kg2 Qf7 44. b4 Bxb4 45. Qxb4 Qd5+ 46. Kf1
Qxg5 47. Qe4 Qf5 48. hxg6+ Kxg6 49. Qe8+ Kg5 50. Qe7+ Qf6 51. Qe4 f3 52. Qe3+
Kh5 53. Ke1 g6 54. Qe4 Qa1+ 55. Kd2 Qb2+ 56. Ke3 Qe2+ 57. Kd4 Qxf2+ 58. Kd3 Qe2+
59. Qxe2 fxe2 60. Kxe2 Kg4 61. Kf2 Kh3 62. Kg1 Kg3 0-1

[Event "46th Rilton Cup 2016-17"]
[Site "Stockholm SWE"]
[Date "2017.01.03"]
[Round "7.25"]
[White "Grafl, Florian"]
[Black "Kucuksari, Kaan"]
[Result "1-0"]
[WhiteTitle "IM"]
[WhiteElo "2394"]
[BlackElo "2243"]
[WhiteFideId "4645715"]
[BlackFideId "6380166"]
[EventDate "2016.12.27"]

1. Nf3 Nf6 2. c4 e6 3. Nc3 d5 4. e3 Nbd7 5. b3 Be7 6. Bb2 O-O 7. d4 b6 8. Bd3
Bb7 9. O-O c5 10. Rc1 Rc8 11. Qe2 Qc7 12. Nb5 Qb8 13. Ne5 Rfe8 14. f4 Nf8 15. f5
exf5 16. Bxf5 Rcd8 17. cxd5 Bxd5 18. Nc3 Be6 19. Nc6 Qc8 20. Nxd8 Bxf5 21. Nc6
Bd6 22. Ne5 Ng6 23. Qf3 Nxe5 24. dxe5 Bg4 25. Qf2 Bxe5 26. Na4 Bd7 27. Bxe5 Rxe5
28. Nb2 Bc6 29. Qg3 Qe6 30. Nc4 Re4 31. Rf4 h5 32. Rd1 Nd5 33. Rxe4 Qxe4 34.
Qb8+ Kh7 35. Qe5 Nf6 36. Qxe4+ Bxe4 37. Nd6 Bd5 38. Ne8 Nxe8 39. Rxd5 Nf6 40.
Rd8 h4 41. Ra8 a5 42. Rb8 Nd5 43. e4 Nc3 44. Rxb6 Nxa2 45. Rb5 Nc1 46. Kf2 Nd3+
47. Ke3 Nb2 48. Kd2 a4 49. Kc2 1-0

[Event "46th Rilton Cup 2016-17"]
[Site "Stockholm SWE"]
[Date "2017.01.03"]
[Round "7.27"]
[White "Nielsen, Rogvi Egilstoft"]
[Black "Berglind, Axel"]
[Result "1-0"]
[WhiteTitle "FM"]
[WhiteElo "2351"]
[BlackElo "2043"]
[WhiteFideId "7200447"]
[BlackFideId "1720228"]
[EventDate "2016.12.27"]

1. e4 c5 2. c3 Nf6 3. e5 Nd5 4. d4 cxd4 5. cxd4 d6 6. Bc4 e6 7. Nf3 Nc6 8. O-O
Be7 9. Qe2 O-O 10. Rd1 Nb6 11. Bb3 Nb4 12. Nc3 Bd7 13. Qe4 Bc6 14. Qg4 Re8 15.
Ng5 Bd5 16. Nce4 h6 17. Nh3 f5 18. exf6 Bxf6 19. Ng3 Bxb3 20. axb3 Kh8 21. Nf4
N4d5 22. Nfh5 Kh7 23. Ne4 Qe7 24. Rd3 Nd7 25. Rg3 Bxd4 26. Nxd6 Be5 27. Qg6+ Kh8
28. Nxe8 Qxe8 29. Qg4 Bxg3 30. Qxg7# 1-0

[Event "46th Rilton Cup 2016-17"]
[Site "Stockholm SWE"]
[Date "2017.01.03"]
[Round "7.28"]
[White "Ziegler, Ari"]
[Black "Bellon Lopez, Juan Manuel"]
[Result "1/2-1/2"]
[WhiteTitle "IM"]
[BlackTitle "GM"]
[WhiteElo "2299"]
[BlackElo "2336"]
[WhiteFideId "1700987"]
[BlackFideId "2200031"]
[EventDate "2016.12.27"]

1. d4 Nf6 2. Bf4 d5 3. e3 c5 4. c3 Nc6 5. Nd2 cxd4 6. exd4 Bf5 7. Ngf3 a6 8. h3
h6 9. g4 Bh7 10. Ne5 Nxe5 11. dxe5 Nd7 12. e6 fxe6 13. g5 e5 14. Bg3 Qb6 15. Bg2
e6 16. O-O hxg5 17. Qh5+ g6 18. Qe2 Bg7 19. c4 Bg8 20. b4 Bf7 21. c5 Qb5 22. Qd1
Qxb4 23. Rb1 Qd4 24. Rxb7 Nxc5 25. Rc7 O-O 26. Qc2 Rac8 27. Rxc8 Rxc8 28. Rc1 g4
29. Nb3 Qa4 30. hxg4 Rc6 31. g5 Be8 32. Nxc5 Qxc2 33. Rxc2 Bf8 34. Bxe5 Rxc5 35.
Rb2 Rb5 36. Rc2 Rc5 37. Rb2 Rc1+ 38. Kh2 Bg7 39. Bxg7 Kxg7 40. Rb6 Rc6 41. Rb7+
Kf8 42. Ra7 Rd6 43. Bf1 Bb5 44. Bxb5 axb5 45. Rb7 Ra6 46. Rxb5 Rxa2 47. Kg3 Ra7
48. Kf4 d4 49. Ke4 Rf7 50. f4 Rd7 51. Rb3 Ke7 52. Rd3 Rd5 53. Rxd4 Rxd4+ 54.
Kxd4 Kd6 55. Ke4 Kd7 1/2-1/2

[Event "46th Rilton Cup 2016-17"]
[Site "Stockholm SWE"]
[Date "2017.01.03"]
[Round "7.29"]
[White "Matta, Vinay Kumar"]
[Black "Saravanan, V."]
[Result "1-0"]
[WhiteTitle "FM"]
[BlackTitle "IM"]
[WhiteElo "2227"]
[BlackElo "2306"]
[WhiteFideId "5016649"]
[BlackFideId "5000580"]
[EventDate "2016.12.27"]

1. e4 c5 2. c3 Nf6 3. e5 Nd5 4. Nf3 Nc6 5. Bc4 Nb6 6. Bb3 d5 7. exd6 e5 8. d4 c4
9. Ba4 Nxa4 10. Qxa4 exd4 11. Nxd4 Bxd6 12. Nxc6 Qd7 13. Qxc4 bxc6 14. Qe4+ Be7
15. Bg5 f6 16. Be3 O-O 17. Qc4+ Kh8 18. O-O c5 19. Qe2 f5 20. f3 Qe6 21. Qf2 Ba6
22. Re1 Rae8 23. Nd2 Qc6 24. Nb3 Rc8 25. Rad1 Rfe8 26. Bxc5 Bxc5 27. Nxc5 Rxe1+
28. Rxe1 Bc4 29. b4 Rd8 30. Qh4 Qd5 31. Ne6 Rg8 32. Nf4 g5 33. Nxd5 gxh4 34. Ne7
Rd8 35. Nxf5 h3 36. g4 Kg8 37. Kf2 Rd3 38. Kg3 Kf8 39. Re3 Rd2 40. Kxh3 Bf1+ 41.
Kg3 1-0

[Event "46th Rilton Cup 2016-17"]
[Site "Stockholm SWE"]
[Date "2017.01.03"]
[Round "7.30"]
[White "Tuomainen, Felix"]
[Black "Stefansson, Vignir Vatnar"]
[Result "1-0"]
[BlackTitle "FM"]
[WhiteElo "2228"]
[BlackElo "2404"]
[WhiteFideId "1720813"]
[BlackFideId "2308649"]
[EventDate "2016.12.27"]

1. d4 f5 2. c4 Nf6 3. Nf3 e6 4. g3 Be7 5. Bg2 O-O 6. O-O d6 7. b3 Ne4 8. Qc2 Bf6
9. Bb2 Nc6 10. Nbd2 Nxd2 11. Qxd2 e5 12. d5 Nb8 13. Qc2 g5 14. c5 Na6 15. cxd6
cxd6 16. Rac1 Bd7 17. Nd2 b5 18. a4 Rc8 19. Qb1 Qa5 20. axb5 Qxd2 21. bxa6 Qxe2
22. Qa1 f4 23. Qa3 f3 24. Bh1 Be7 25. Rce1 Qd3 26. Bxe5 Qxd5 27. Ba1 Rf7 28. Rd1
Qc5 29. b4 Qf5 30. Qe3 Bb5 31. Rfe1 Be2 32. Rb1 Bf6 33. Bxf6 Qxf6 34. Rxe2 fxe2
35. Bd5 Qe5 36. Bxf7+ Kxf7 37. Qxa7+ Kf6 38. Qe3 Qb5 39. Re1 Qxa6 40. Rxe2 Qa1+
41. Re1 Qe5 42. Qf3+ Qf5 43. Qb7 Kg6 44. Qe7 Kh5 45. Qxd6 1-0

[Event "46th Rilton Cup 2016-17"]
[Site "Stockholm SWE"]
[Date "2017.01.03"]
[Round "7.31"]
[White "Luukkonen, Tommi"]
[Black "Sadhwani, Raunak"]
[Result "1-0"]
[WhiteTitle "FM"]
[BlackTitle "CM"]
[WhiteElo "2333"]
[BlackElo "2246"]
[WhiteFideId "501808"]
[BlackFideId "35093487"]
[EventDate "2016.12.27"]

1. e4 c6 2. Nc3 d5 3. Nf3 Nf6 4. e5 Ne4 5. Ne2 Qb6 6. d4 e6 7. Nfg1 f6 8. f3 Ng5
9. exf6 gxf6 10. f4 Nf7 11. Nf3 Na6 12. Ng3 Be7 13. a4 Nc7 14. c3 a6 15. a5 Qa7
16. b4 Bd7 17. Bd3 O-O-O 18. Qe2 Nb5 19. Bd2 Nbd6 20. O-O Rdg8 21. Be3 Qb8 22.
Nd2 f5 23. Nb3 Ne4 24. Bxe4 fxe4 25. c4 Nd6 26. cxd5 exd5 27. f5 Nf7 28. b5 cxb5
29. Rac1+ Bc6 30. Nxe4 Re8 31. Bf4 Bd6 32. Nxd6+ Nxd6 33. Qg4 Qc7 34. f6+ Kb8
35. f7 Rd8 36. Qe6 Rhf8 37. Be5 Ka8 38. Rf6 Rxf7 39. Bxd6 Rxf6 40. Bxc7 Rxe6 41.
Bxd8 b4 42. Bb6 Re3 43. Rf1 Kb8 44. Rf8+ Be8 45. Kf2 Re6 46. Nc5 Re7 47. Nd7+
Kc8 48. Nf6 b3 49. Nxe8 b2 50. Nf6+ 1-0

[Event "46th Rilton Cup 2016-17"]
[Site "Stockholm SWE"]
[Date "2017.01.03"]
[Round "7.32"]
[White "Louis, Thibault"]
[Black "Wiander, Michael"]
[Result "1-0"]
[BlackTitle "CM"]
[WhiteElo "2316"]
[BlackElo "2246"]
[WhiteFideId "681369"]
[BlackFideId "1702580"]
[EventDate "2016.12.27"]

1. e4 Nc6 2. Nf3 e6 3. d4 d5 4. e5 f6 5. c3 Bd7 6. Bd3 Qe7 7. Bf4 O-O-O 8. Nbd2
Qe8 9. h4 Qh5 10. Rh3 Nh6 11. b4 fxe5 12. dxe5 Qf7 13. Bg5 Ne7 14. Nb3 Ng4 15.
Rg3 h5 16. Nc5 Bc6 17. Qe2 Re8 18. Nd4 Nf5 19. Bxf5 Bxc5 20. bxc5 exf5 21. e6
Rxe6 22. Qxe6+ Qxe6+ 23. Nxe6 Re8 24. O-O-O Rxe6 25. c4 Nxf2 26. cxd5 Re5 27.
Rd2 Ne4 28. Bf4 Rxd5 29. Rxd5 Nxg3 30. Re5 Ne4 31. Rxf5 g6 32. Re5 Kd7 33. Kc2
a5 34. Kd3 Nf2+ 35. Kd4 Bxg2 36. Bg5 b6 37. cxb6 cxb6 38. Re2 1-0

[Event "46th Rilton Cup 2016-17"]
[Site "Stockholm SWE"]
[Date "2017.01.03"]
[Round "7.33"]
[White "Rydstrom, Tom"]
[Black "Kolbus, Dietmar"]
[Result "0-1"]
[WhiteTitle "FM"]
[BlackTitle "IM"]
[WhiteElo "2239"]
[BlackElo "2299"]
[WhiteFideId "1714830"]
[BlackFideId "4610628"]
[EventDate "2016.12.27"]

1. e4 e6 2. d4 d5 3. Nc3 Bb4 4. e5 Ne7 5. a3 Bxc3+ 6. bxc3 b6 7. Qg4 Ng6 8. h4
h5 9. Qg3 Ba6 10. Bxa6 Nxa6 11. Nf3 Nb8 12. O-O Nc6 13. Bg5 Qd7 14. c4 dxc4 15.
Rad1 Qd5 16. Rfe1 Rh7 17. Bc1 Nce7 18. Ng5 Rh8 19. Qh3 Rd8 20. Ne4 Rd7 21. Bg5
Qc6 22. Qf3 Nd5 23. Ng3 Nde7 24. Qe2 Kf8 25. c3 Rd5 26. Bxe7+ Nxe7 27. Nxh5 Ra5
28. g3 Rxa3 29. Qg4 Rh7 30. d5 Nxd5 31. Rxd5 Qxd5 32. Rd1 Qxe5 33. Nf4 Rxc3 34.
Rd7 Rc1+ 35. Kh2 Ke8 36. Rxf7 Rxh4+ 37. Qxh4 Kxf7 38. Qd8 Qd6 39. Qg5 Re1 40.
Qh5+ Ke7 41. Ng6+ Kd7 42. Qh8 Qd4 43. Qf8 Qf6 0-1

[Event "46th Rilton Cup 2016-17"]
[Site "Stockholm SWE"]
[Date "2017.01.03"]
[Round "7.34"]
[White "Narva, Mai"]
[Black "Nesterov, Arseniy"]
[Result "0-1"]
[WhiteTitle "WIM"]
[WhiteElo "2218"]
[BlackElo "2296"]
[WhiteFideId "4500512"]
[BlackFideId "24198455"]
[EventDate "2016.12.27"]

1. e4 e5 2. Nf3 Nc6 3. Bb5 a6 4. Ba4 Nf6 5. O-O b5 6. Bb3 Bc5 7. c3 d6 8. d4 Bb6
9. a4 Rb8 10. h3 O-O 11. Re1 Re8 12. Bg5 h6 13. Bh4 exd4 14. cxd4 g5 15. Bg3
Rxe4 16. Rxe4 Nxe4 17. Qc2 Qe8 18. Bd5 Nb4 19. Qxe4 Qxe4 20. Bxe4 f5 21. Nc3
fxe4 22. Nxe4 Bf5 23. Nc3 Bd7 24. axb5 axb5 25. Rd1 Re8 26. d5 Na6 27. Nd2 Nc5
28. Kh2 b4 29. Na2 b3 30. Nc1 Bf5 31. Nc4 Bc2 32. Rf1 Ba7 33. Nd2 Bb6 34. f4 Ba5
35. Nf3 Na4 36. Nd4 Rb8 37. Rf3 Nc5 38. fxg5 hxg5 39. Bf2 Be4 40. Rg3 Bd2 41.
Be3 Bxe3 42. Rxe3 Bxd5 43. Rg3 Ne4 44. Rd3 Bc4 45. Re3 Nd2 46. Kg1 c5 47. Nf5 d5
48. Ne7+ Kf7 49. Nxd5 Bxd5 50. Rd3 Ne4 51. Rxd5 Ke6 52. Rd3 c4 53. Rd4 Nd6 54.
Ne2 Ke5 55. h4 c3 56. Rd1 c2 57. Re1 gxh4 58. Kf2 Nc4 59. Ra1 Nxb2 60. Ke3 Nc4+ 0-1

[Event "46th Rilton Cup 2016-17"]
[Site "Stockholm SWE"]
[Date "2017.01.03"]
[Round "7.35"]
[White "Risting, Eivind Olav"]
[Black "Bergstrom, Rolf"]
[Result "1-0"]
[WhiteTitle "FM"]
[BlackTitle "FM"]
[WhiteElo "2222"]
[BlackElo "2290"]
[WhiteFideId "1517333"]
[BlackFideId "1702386"]
[EventDate "2016.12.27"]

1. d4 d6 2. Nf3 Nf6 3. c4 g6 4. Nc3 Bf5 5. Qb3 b6 6. g3 Nc6 7. Bg2 Bg7 8. Qa4
Bd7 9. Qd1 O-O 10. O-O Rb8 11. d5 Na5 12. Qd3 c5 13. e4 a6 14. e5 Ng4 15. exd6
exd6 16. Bg5 Qc7 17. b3 Bf5 18. Qd2 b5 19. cxb5 axb5 20. h3 b4 21. hxg4 bxc3 22.
Qf4 Rb4 23. Qc1 Bxg4 24. Bh6 Bxf3 25. Bxg7 Kxg7 26. Qxc3+ Kg8 27. Bxf3 Re8 28.
Rfe1 Rbb8 29. Kg2 Rxe1 30. Rxe1 Qd8 31. Re4 h5 32. Be2 Kh7 33. Qe1 Nb7 34. Bb5
Qg5 35. Bc4 Rf8 36. a4 Qd8 37. Bb5 Na5 38. Qc3 Nb7 39. Re3 Na5 40. Qe1 Qa8 41.
Qd1 Qd8 42. Qd3 Qf6 43. Qe4 Kg7 44. Rf3 Qg5 45. Qd3 Qe5 46. Qd2 Ra8 47. Re3 Qd4
48. Qxd4+ cxd4 49. Rd3 Rc8 50. b4 Rc3 51. bxa5 1-0

[Event "46th Rilton Cup 2016-17"]
[Site "Stockholm SWE"]
[Date "2017.01.03"]
[Round "7.36"]
[White "Carlsson, Ludvig"]
[Black "Morrison, Graham SCO"]
[Result "0-1"]
[BlackTitle "FM"]
[WhiteElo "2073"]
[BlackElo "2283"]
[WhiteFideId "1727010"]
[BlackFideId "2400090"]
[EventDate "2016.12.27"]

1. c4 c5 2. Nf3 Nf6 3. g3 b6 4. Bg2 Bb7 5. O-O e6 6. Nc3 Be7 7. d4 cxd4 8. Qxd4
d6 9. Bg5 a6 10. Bxf6 Bxf6 11. Qf4 O-O 12. Rfd1 Be7 13. Ne4 Bxe4 14. Qxe4 Ra7
15. Nd4 Qc8 16. b3 Qc5 17. Rac1 Qe5 18. Qxe5 dxe5 19. Nf3 Nc6 20. Rc2 Rc7 21.
Rcd2 Rfc8 22. Rd7 e4 23. Ne1 f5 24. Nc2 Ne5 25. Rxc7 Rxc7 26. Rd2 Kf7 27. Kf1 g5
28. f3 exf3 29. exf3 Bc5 30. Ke2 Ke7 31. h3 Ng6 32. Ne1 Bd6 33. Kf2 Bc5+ 34. Ke2
f4 35. g4 Bb4 36. Rd1 Bxe1 37. Kxe1 Ne5 38. Rd2 b5 39. cxb5 axb5 40. Kd1 Rc3 41.
Rc2 Rd3+ 42. Rd2 Re3 43. Re2 Rxe2 44. Kxe2 b4 45. Kd2 Kd6 46. Bh1 Kc5 47. Bg2
Kd4 48. Bh1 Ng6 49. Bg2 Nh4 0-1

[Event "46th Rilton Cup 2016-17"]
[Site "Stockholm SWE"]
[Date "2017.01.03"]
[Round "7.37"]
[White "Dahl, Trygve"]
[Black "Ruecker, Benjamin"]
[Result "1-0"]
[WhiteElo "2140"]
[BlackElo "2275"]
[WhiteFideId "1513427"]
[BlackFideId "4677110"]
[EventDate "2016.12.27"]

1. e4 e5 2. Nc3 Nf6 3. f4 d5 4. fxe5 Nxe4 5. d3 Nxc3 6. bxc3 c5 7. Nf3 d4 8. Be2
Nc6 9. O-O Be7 10. Qe1 dxc3 11. Qg3 O-O 12. Bh6 g6 13. Kh1 Nd4 14. Nxd4 Qxd4 15.
Bxf8 Bxf8 16. Rab1 Bg7 17. Bf3 Bxe5 18. Qg5 Bf6 19. Qd5 Rb8 20. Qxd4 cxd4 21.
Bd5 Kg7 22. Rf2 Be6 23. Bxe6 fxe6 24. Rbf1 Rf8 25. g4 g5 26. Kg2 Kg6 27. Kf3
Bg7+ 28. Ke4 Rd8 29. Rf7 Rd5 30. Re7 Re5+ 31. Kxd4 Bf6 32. Rxf6+ Kxf6 33. Rxh7
Rb5 34. Kxc3 Ke5 35. h4 Rc5+ 36. Kd2 Kf4 37. hxg5 Rxg5 38. Rxb7 a5 39. a4 Kxg4
40. Rb5 Rf5 41. c4 Kf4 42. Rxf5+ Kxf5 43. Ke3 Ke5 44. d4+ Kd6 45. Ke4 Kd7 46.
Ke5 Ke7 47. d5 exd5 48. Kxd5 Kd7 49. Kc5 Kc7 50. Kb5 Kb7 51. Kxa5 Kc6 52. Kb4
Kb6 53. c5+ Kc6 54. Kc4 Kc7 55. Kd5 1-0

[Event "46th Rilton Cup 2016-17"]
[Site "Stockholm SWE"]
[Date "2017.01.03"]
[Round "7.38"]
[White "Chizhikov, Vladislav"]
[Black "Glimbrant, Torbjorn"]
[Result "1-0"]
[WhiteElo "2262"]
[BlackElo "2228"]
[WhiteFideId "4178157"]
[BlackFideId "1700995"]
[EventDate "2016.12.27"]

1. e4 c5 2. Nf3 e6 3. d4 cxd4 4. Nxd4 Nc6 5. c4 Nf6 6. Nc3 Bb4 7. Nxc6 bxc6 8.
Bd3 e5 9. O-O Be7 10. Qa4 O-O 11. b4 Bb7 12. c5 d6 13. cxd6 Qxd6 14. Qc2 Rfd8
15. Rd1 Qc7 16. Bg5 Rac8 17. Rac1 Qb8 18. Na4 h6 19. Be3 Bxb4 20. Rb1 c5 21.
Bxc5 Rxd3 22. Rxd3 Bxe4 23. Qc4 a5 24. a3 Bxd3 25. Qxd3 e4 26. Qe2 Nd7 27. Be3
Qa8 28. axb4 axb4 29. Rxb4 Qa5 30. Rxe4 Nf6 31. Rc4 Re8 32. h3 Qb5 33. Nc3 Qb3
34. Qa2 Qb8 35. Ra4 1-0